Biblia : wo wutya Cilagane Cigwana ne Ci (Record no. 42976)
[ view plain ]
| 000 -LEADER | |
|---|---|
| fixed length control field | 00585nam a22001811a 4500 |
| 020 ## - INTERNATIONAL STANDARD BOOK NUMBER | |
| Terms of availability | 0.00 |
| 040 ## - CATALOGING SOURCE | |
| Original cataloging agency | NEGST Library - Kenya |
| 050 ## - LIBRARY OF CONGRESS CALL NUMBER | |
| Classification number | BS 325.G64 1962 |
| 100 ## - MAIN ENTRY--PERSONAL NAME | |
| Personal name | Bible Society of East Africa |
| 245 ## - TITLE STATEMENT | |
| Title | Biblia : wo wutya Cilagane Cigwana ne Ci |
| Medium | [Text] |
| 260 ## - PUBLICATION, DISTRIBUTION, ETC. (IMPRINT) | |
| Place of publication, distribution, etc | Nairobi |
| Name of publisher, distributor, etc | The Bible Society of Eas |
| Date of publication, distribution, etc | c1962 |
| 300 ## - PHYSICAL DESCRIPTION | |
| Extent | 245 p.; |
| 500 ## - GENERAL NOTE | |
| General note | "The New Testament in Gogo" - T.P. verso [Africana] |
| 600 ## - SUBJECT ADDED ENTRY--PERSONAL NAME | |
| Personal name | Bible N.T. _ Gogo, 1962 |
| 600 ## - SUBJECT ADDED ENTRY--PERSONAL NAME | |
| Personal name | Gogo Language - Texts |
| 852 ## - LOCATION/CALL NUMBER | |
| -- | 10.00 |
| Withdrawn status | Lost status | Source of classification or shelving scheme | Damaged status | Not for loan | Collection code | Home library | Current library | Shelving location | Date acquired | Cost, normal purchase price | Full call number | Barcode | Date last seen | Copy number | Price effective from | Koha item type |
|---|---|---|---|---|---|---|---|---|---|---|---|---|---|---|---|---|
| Library of Congress Classification | Special Collection | AIU/NEGST - Tony Wilmot Memorial Library | AIU/NEGST - Tony Wilmot Memorial Library | Special Collection | 02/12/2010 | 10.00 | S BS 325.G64 1962 | R36810W3232 | 09/26/2019 | 1 | 02/12/2010 | Africana Collection (Special) |
